The noble scholar, jurist, historian


 His Excellency Dr. Abdul Wahhab bin Ibrahim Abu Sulaiman, may Allah have mercy on him.


 He was born in Umm Al-Qura in the year 1356 AH.

يا رسول الله ! : (Record no. 118)

MARC details
000 -LEADER
fixed length control field 01217cam a2200289 i 4500
003 - CONTROL NUMBER IDENTIFIER
control field SA-RiAUC
005 - DATE AND TIME OF LATEST TRANSACTION
control field 20240909132136.0
008 - FIXED-LENGTH DATA ELEMENTS--GENERAL INFORMATION
fixed length control field 240908s2014____su g 000 0bara c
020 ## - INTERNATIONAL STANDARD BOOK NUMBER
International Standard Book Number 9960850776
040 ## - CATALOGING SOURCE
Original cataloging agency SA-JeGAR
Language of cataloging ara
Transcribing agency SA-RiAUC
Description conventions rda
082 04 - DEWEY DECIMAL CLASSIFICATION NUMBER
Classification number 239
Assigning agency SA-RiAUC
090 ## - LOCALLY ASSIGNED LC-TYPE CALL NUMBER (OCLC); LOCAL CALL NUMBER (RLIN)
Classification number (OCLC) (R) ; Classification number, CALL (RLIN) (NR) 239
Local cutter number (OCLC) ; Book number/undivided call number, CALL (RLIN) ب ا ح
100 1# - MAIN ENTRY--PERSONAL NAME
Personal name باحبيشي، حسن بن عبيد
Relator term مؤلف.
245 10 - TITLE STATEMENT
Title يا رسول الله ! :
Remainder of title لماذا أحبك ؟ ولماذا أصلي عليك ؟ /
Statement of responsibility, etc. إعداد حسن بن عبيد باحبيشي.
250 ## - EDITION STATEMENT
Edition statement الطبعة السادسة
264 #1 - PRODUCTION, PUBLICATION, DISTRIBUTION, MANUFACTURE, AND COPYRIGHT NOTICE
Place of production, publication, distribution, manufacture جدة، السعودية :
Name of producer, publisher, distributor, manufacturer حسن بن عبيد باحبيشي،
Date of production, publication, distribution, manufacture, or copyright notice 1434هـ
300 ## - PHYSICAL DESCRIPTION
Extent 107 صفحة ؛
Dimensions 20 سم
336 ## - CONTENT TYPE
Content type term نص
Content type code txt
Source rdacontent
Materials specified كتاب
337 ## - MEDIA TYPE
Media type term بدون وسيط
Media type code n
Source rdamedia
338 ## - CARRIER TYPE
Carrier type term مجلد
Carrier type code nc
Source rdacarrier
600 07 - SUBJECT ADDED ENTRY--PERSONAL NAME
Personal name محمد (صلى الله عليه وسلم)،
Dates associated with a name 53 قبل الهجرة-11 هجري
Source of heading or term aucnm
650 #7 - SUBJECT ADDED ENTRY--TOPICAL TERM
Topical term or geographic name entry element السيرة النبوية
Source of heading or term aucsh
650 #7 - SUBJECT ADDED ENTRY--TOPICAL TERM
Topical term or geographic name entry element حب النبي صلى الله عليه وسلم
Source of heading or term aucsh
650 #7 - SUBJECT ADDED ENTRY--TOPICAL TERM
Topical term or geographic name entry element الصلاة على النبي (صلى الله عليه وسلم)
Source of heading or term aucsh
942 ## - ADDED ENTRY ELEMENTS (KOHA)
Source of classification or shelving scheme Dewey Decimal Classification
Koha item type Books
949 ## - LOCAL PROCESSING INFORMATION (OCLC)
a SA-JeALM
d 240908
u mohamedma123
n 1
Holdings
Withdrawn status Lost status Source of classification or shelving scheme Materials specified (bound volume or other part) Damaged status Not for loan Home library Current library Date acquired Total checkouts Full call number Barcode Date last seen Price effective from Koha item type
    Dewey Decimal Classification الجزء الاول     DR AbdElwahab Library DR AbdElwahab Library 09/09/2024   239 ب ا ح 000000175 09/09/2024 09/09/2024 Books
    Dewey Decimal Classification       DR AbdElwahab Library DR AbdElwahab Library 08/28/2025   239 ب ا ح 000018049 08/28/2025 08/28/2025 Books